Представление документа в формате RUSMARC

ПолеНазваниеЗначение
  Тип записи c
  Библиографический уровень m
001 Контрольный номер UONB/MAIN/6e4c433b98ef44d7a983b58b9e8c012a
005 Дата корректировки 20251205110436.9
010 Индекс ISBN __
d Цена 55 к.
9 Тираж 15000 экз.
071 Издательские номер (звукозапись и ноты) 21
a Номер, присвоенный агентством 12668
100 Данные общей обработки __
a Данные общей обработки 20220512b1983 m##y0rusy0189 ca
101 Язык документа 0_
a Язык текста rus
f Язык титульного листа rus
102 Страна публикации __
a Страна публикации RU
125 Кодированные данные звукозаписи и нотных изданий __
a Форма изложения нотного текста a
128 Кодированные данные (звукозаписи-физические характеристики) __
a Кодированные данные: Музыкальная форма и тональность или лад ai
c Инструменты или голоса, рекомендуемые для солистов (устаревшее) vu
200 Заглавие и сведения об ответственности 1_
a Заглавие Вып. 96
g Последующие сведения об ответственности перелож. для вокально-инструм. ансамбля С. Маги
f Первые сведения об ответственности сост. А. Терехин
208 Область специфических сведений: ноты __
a Форма изложения нотного текста Партитура
210 Выходные данные 1_
d Дата издания 1983
215 Физическое описание __
d Формат 29 см
a Объем 35 с.
327 Примечание о содержании 11
a Примечание о содержании Содерж. : Нагибин С. Страна чудес / сл. В. Татаринова. - Азарашвили В. Песня о Метехи / сл. П. Грузинского. - Ривчун Б. Теплый дождь / сл. А. Поперечного. - Фиготин Б. Весенний вальс / сл. Б. Брянского. - Кутуньо С. Не говори мне об этом / сл. К. Минеллоно и К. Мори, пер. А. Владимирова. - Людвиковский В. Комический танец. - Боганов В. Любовь не сладится / сл. А. Владимирова.
461 Уровень набора _0
1 2001
a Поем и танцуем
b Ноты
v Вып. 96
1 2101
a М.
c Музыка
d 1965 -
1 001UONB/MAIN/4fde9fb1b77a4474bcd01598adf6aca3
464 Аналитический уровень _0
1 700 1
a Нагибин
b C.
1 2001
a Страна чудес
e Восточнее Урала...
1 702 1
a Татаринов
b В.
4 520
464 Аналитический уровень _0
1 700 1
b Азарашвили
a В.
1 2001
a Песня о Метехи
e Встал, как страж над стремниною...
1 702 1
a Грузинский
b П.
4 520
464 Аналитический уровень _0
1 700 1
a Ривчун
b Б.
1 2001
a Теплый дождь
e Теплый дождь, теплый дождь, теплый дождь...
1 702 1
a Поперечный
b А.
4 520
464 Аналитический уровень _0
1 700 1
a Фиготин
b Б.
1 2001
a Весенний вальс
e Весело светится в небе Медведица...
1 702 1
a Брянский
b Б.
4 520
464 Аналитический уровень _0
1 700 1
a Кутуньо
b С.
1 2001
a Не говори мне об этом
e Нет, нет, нет, не говори мне об этом...
1 702 1
a Минеллоно
b К.
4 520
1 702 1
a Мори
b К.
4 520
464 Аналитический уровень _0
1 700 1
a Людвиковский
b В.
1 2001
a Комический танец
464 Аналитический уровень _0
1 700 1
a Боганов
b В.
1 2001
a Любовь не сладится
e Приходи тропинкою лесною...
1 702 1
a Владимиров
b А.
4 520
512 Заглавие обложки 1_
a Заглавие обложки Поем и танцуем
606 Тематические рубрики 0_
a Основная рубрика Вокально-инструментальные ансамбли
x Основная подрубрика Песни советских композиторов
x Основная подрубрика Лирические песни
x Основная подрубрика Эстрадные песни советских композиторов
x Основная подрубрика Песни зарубежных композиторов
610 Ключевые слова 0_
a Ключевые слова эстрадные песни; танцевальная музыка; лирические песни; песни советских композиторов; вокально-инструментальные ансамбли; песни зарубежных композиторов
686 Индексы других классификаций __
2 Код системы rubbk
a Классификационный индекс 85.942.8-094(2)я43П
702 Вторичная интеллектуальная ответственность _1
a Фамилия Мага
b Имя (инициалы) С.
4 Код отношения 030
702 Вторичная интеллектуальная ответственность _1
a Фамилия Терехин
b Имя (инициалы) А.
4 Код отношения 220
801 Источник записи _0
a Страна RU
b Организация Ульяновская ОНБ
c Дата составления 20220512
g Правила каталогизации RCR
801 Источник записи _1
a Страна RU
b Организация Ульяновская ОНБ
c Дата составления 20220512
g Правила каталогизации RCR
901 Тип документа __
t Тип документа n
w Контрольный № источника UONB/MAIN/4fde9fb1b77a4474bcd01598adf6aca3
909 Создатель записи __
a Создатель записи Никитина Т. А.